000 00577cam a2200181 a 4500
020 _a9780393705348 (pbk.)
050 0 0 _aRC 480.515
_b.K35
100 1 _aKaiser, Tamara L.,
_d1948-
245 1 2 _aA user's guide to therapy :
_bwhat to expect & how you can benefit /
_cTamara L. Kaiser.
260 _aNew York :
_bW.W. Norton,
_cc2009.
300 _a242 p. ;
500 _a"A Norton professional book"
650 0 _vPopular works.
650 2 _vPopular Works.
650 2 _vPopular Works.
856 4 1 _uhttp://www.loc.gov/catdir/toc/ecip0816/2008017092.html
942 _2lcc
_cGEN
999 _c4516
_d4516